000 00344nam a2200133Ia 4500
008 240624s9999 xx 000 0 und d
041 _aeng
082 _a808.042 CLA
100 _aCLARK ROY PETER
245 _aWRITING TOOLS 50 ESSENTIALS STRATEGIES F
260 _c2006
_aNew York
_bLittle
300 _aix, : 260 : p. : cm ; 22
365 _c
_b35
999 _c7605
_d7605